LEADER 01398nam a2200277 4500 001 000000330716 003 CaOOAMICUS 005 20181112115242.0 008 181015s2003 it a 000 u ita r 020 $a88-86517-82-3 040 $aSeMil$bita 100 1 $aRupnik, Marko Ivan,$c.$0(OLS)http://semarc/name/4416 245 13$aIl colore della luce /$cMarko Ivan Rupnik ; testimonianze Card. Carlo M. Martini, Olivier Clément, Tomŕ? ?pidlík, Crispino Valenziano. 264 1$aRoma :$bLipa,$c2003. 300 $a285 p. :$bill ;$c31 cm 650 04$aRupnik, Marko Ivan - Mosaici.$0(OLS)http://semarc/subject/34593 700 1 $aValenziano, Crispino,$d<1932- >,$ecollaboratore.$0(OLS)http://semarc/name/6318 700 1 $aClément, Olivier,$d<1921-2009>,$ecollaboratore.$0(OLS)http://semarc/name/4742 700 1 $a?pidlík, Thomá?,$c,$ecollaboratore.$0(OLS)http://semarc/name/5014 700 1 $aMartini, Carlo Maria,$c,$ecollaboratore.$0(OLS)http://semarc/name/89159 850 $aSeMil 852 $aSeMil$W1$xVenegono$y1$m5P X 36$j219925$B231570$CSeMilBibl$Z2$F231570 $8I 996 $6020$a88-86517-82-3$9(OLS)http://semarc/number/285383 996 $6245$aIl colore della luce$9(OLS)http://semarc/title/419217 996 $6264$aRoma :$bLipa$9(OLS)http://semarc/publisher/31573 LEADER 01342nam a2200277 4500 001 000000333161 003 CaOOAMICUS 005 20190328154551.0 008 190328s1974 it 000 u ita r 040 $aSeMil$bita 100 1 $aHorkheimer, Max,$d<1895-1973>.$0(OLS)http://semarc/name/15802 240 10$aKritische Theorie.$0(OLS)http://semarc/title/422397 245 10$aTeoria critica /$cMax Horkheimer ; a cura di Alfred Schmidt ; traduzione di Giorgio Backhaus. 246 04$aTeoria critica :$b scritti 1932-1941 264 1$aTorino :$bEinaudi,$c1974. 300 $a2 v. ;$c21 cm 490 1 $aEinaudi paperbacks ;$v53 700 1 $aBackhaus, Giorgio.$0(OLS)http://semarc/name/17562 700 1 $aSchmidt, Alfred,$d<1931- >.$0(OLS)http://semarc/name/19132 774 0 $aHorkheimer, Max, <1895-1973>$tTeoria critica. 1 .$dTorino : Einaudi, 1965.$kEinaudi Paperbacks$g1$w()83682 774 0 $aHorkheimer, Max, <1895-1973>$tTeoria critica. 2.$dTorino : Einaudi, 1974.$kEinaudi Paperbacks$g2$w()83683 830 0$aEinaudi Paperbacks ;$v53.$0(OLS)http://semarc/title/6898 996 $6245$aTeoria critica$9(OLS)http://semarc/title/422398 996 $6246$aTeoria critica :$b scritti 1932-1941$9(OLS)http://semarc/title/422399 996 $6264$aTorino :$bEinaudi$9(OLS)http://semarc/publisher/29884